[Event "WSCC 50 Open 2017"]
[Site "?"]
[Date "2017.11.17"]
[Round "10"]
[White "Frick, Christoph"]
[Black "Vogt, Lothar"]
[Result "1-0"]
[WhiteElo "2230"]
[BlackElo "2398"]
[PlyCount "53"]
[EventDate "2017.??.??"]
[EventType "swiss"]
[EventCountry "ITA"]
[SourceTitle "Acqui Terme"]
[TimeControl "40/5400+30:1800+30"]
[WhiteClock "0:17:41"]
[BlackClock "0:01:08"]

1. e4 {[%emt 0:00:00]} Nc6 {[%emt 0:00:10]} 2. Nf3 {[%emt 0:00:00]} e6 {[%emt 0:00:16]} 3. d4 {[%emt 0:00:17]} d5 {[%emt 0:00:07]} 4. Nbd2 {[%emt 0:05:11]} Nf6 {[%emt 0:02:00]} 5. e5 {[%emt 0:00:15]} Nd7 {[%emt 0:01:42]} 6. Be2 {[%emt 0:00:24]} f6 {[%emt 0:00:22]} 7. exf6 {[%emt 0:00:14]} Qxf6 {[%emt 0:01:29]} 8. Nf1 {[%emt 0:02:15]} Bd6 {[%emt 0:14:02]} 9. Ne3 {[%emt 0:02:14]} O-O {[%emt 0:01:33]} 10. O-O {[%emt 0:06:57]} Qg6 {[%emt 0:07:09]} 11. g3 {[%emt 0:05:08]} e5 {[%emt 0:05:58]} 12. Nxd5 {[%emt 0:05:20]} exd4 {[%emt 0:14:00]} 13. Nxd4 {[%emt 0:05:29]} Nxd4 {[%emt 0:10:41]} 14. Qxd4 {[%emt 0:00:14]} Nc5 {[%emt 0:13:27]} 15. Bf4 {[%emt 0:31:43]} Qxc2 {[%emt 0:18:59]} 16. Bc4 {[%emt 0:04:51]} Kh8 {[%emt 0:00:48]} 17. Nxc7 {[%emt 0:02:15]} Bxf4 {[%emt 0:03:23]} 18. Qxc5 {[%emt 0:00:39]} Bh3 {[%emt 0:01:08]} 19. Nxa8 {[%emt 0:00:16]} Rxa8 {[%emt 0:00:39]} 20. gxf4 {[%emt 0:05:30]} h6 {[%emt 0:01:11]} 21. Qh5 {[%emt 0:00:38]} Bxf1 {[%emt 0:00:35]} 22. Bxf1 {[%emt 0:00:06]} Rf8 {[%emt 0:00:47]} 23. Qe5 {[%emt 0:02:01]} Qg6+ {[%emt 0:00:56]} 24. Bg2 {[%emt 0:00:29]} Re8 {[%emt 0:00:25]} 25. Qc3 {[%emt 0:01:06]} Qf5 {[%emt 0:00:20]} 26. Re1 {[%emt 0:00:31]} Rc8 {[%emt 0:00:15]} 27. Bh3 {[%emt 0:01:46]} 1-0

[Event "WSCC 50 Open 2017"]
[Site "?"]
[Date "2017.11.18"]
[Round "11"]
[White "Sturua, Zurab"]
[Black "Bischoff, Klaus"]
[Result "0-1"]
[WhiteElo "2536"]
[BlackElo "2513"]
[Annotator "TA"]
[PlyCount "124"]
[EventDate "2017.??.??"]
[EventType "swiss"]
[EventCountry "ITA"]
[SourceTitle "Acqui Terme"]

{[%evp 18,124,18,14,23,17,0,0,14,0,0,0,67,54,60,54,79,17,23,15,20,12,13,23,29,14,68,63,58,64,59,5,52,52,52,52,52,52,52,52,60,52,114,104,120,85,104,95,102,102,112,109,106,108,146,152,220,286,230,173,195,182,161,0,0,-463,-473,-467,-478,-447,-435,-552,-531,-539,-526,-449,-418,-577,-577,-578,-578,-578,-578,-578,-568,-564,-534,-413,-214,-893,-190,-5018,-1035,-29959,-29960,-29961,-29962,-29959,-29961,-7124,-2143,-12798,-6600,-6735,-6600,-29969,-29970,-29968,-29970]} 1. d4 g6 2. Nf3 Bg7 3. c4 d6 4. Nc3 c5 5. e4 Bg4 6. d5 {A42: Moderne Verteidigung (mit c2-c4/ohne Sf6)} Bxc3+ 7. bxc3 Qa5 8. Qb3 Bxf3 9. gxf3 Nd7 10. Rb1 {[%cal Ba1b1,Bb1b2,Bb2a2][%mdl 32] LiveBook: 3 Partien} Ngf6 11. Be2 $146 (11. Qxb7 $2 O-O $19) ({Vorgänger:} 11. Bh6 Rg8 12. Bd2 Nb6 13. Qb5+ Qxb5 14. cxb5 {½-½ (35) Usmanov,V (2414)-Kokarev,D (2645) Moscow 2015}) 11... Nb6 12. O-O O-O-O 13. Be3 g5 14. Rb2 (14. Bxg5 $2 Rdg8 $19) 14... Qa4 (14... Rhg8 $11) 15. Rfb1 {Und weiter mit Dxa4 wäre nett.} (15. Bxg5 $2 Rdg8 $19) 15... Qxb3 16. axb3 Nbd7 17. Ra1 ({Nicht} 17. Bxg5 $2 Rdg8 $19) (17. b4 $16 b6 18. Ra2 (18. Bxg5 $2 Rdg8 $19)) 17... Kb8 $11 18. Rba2 (18. Bxg5 $2 Rdg8 $19) 18... a6 $1 19. Kf1 ({Nur nicht} 19. Bxg5 $2 Rdg8 $19) 19... h6 20. b4 Nh5 21. Rb1 {und nun wäre bxc5 stark für Weiss.} Rc8 ({Günstiger ist} 21... Ka7 $11) 22. bxc5 $14 Nxc5 23. Bxc5 Rxc5 24. Rxa6 ({Besser ist} 24. Rab2 $1 $14 b5 25. Ra2 (25. cxb5 a5 $16)) 24... Kc7 25. Ra7 Rb8 26. Ke1 Nf4 27. Rb4 Ng6 28. Kd2 Ne5 29. Ke3 Nd7 (29... Ng6 $14) 30. f4 $16 f6 31. Kf3 Nb6 32. Ra1 Nd7 33. h3 b6 34. Rb5 Kd8 35. Kg4 Rbc8 36. Rxc5 Rxc5 {[%mdl 4096] Endspiel KTL-KTS} (36... Nxc5 $16 37. Kf5 Nb3) 37. Ra8+ $18 Kc7 38. Re8 Ra5 {beabsichtigt ...Ta2.} 39. Kh5 Ra2 {[#]} 40. Bg4 $2 (40. Bd1 $1 $18) 40... f5 $1 $11 41. exf5 $2 {[%mdl 8192]} (41. Bxf5 $11 Nf6+ 42. Kxh6 Nxe8 43. fxg5) 41... Nf6+ $19 42. Kxh6 Nxe8 43. fxg5 {Schwarz sollte f3 verhindern.} Rxf2 44. Kg6 Kd8 45. Kf7 Rf4 46. Kf8 Rxc4 47. Bh5 {[#]} Nc7 $1 48. Bf7 Rh4 49. g6 Rh8+ 50. Kg7 Rxh3 {Droht stark ...Se8+.} 51. Kf8 {zielt auf g7 ab.} Rh8+ 52. Kg7 Rh5 53. f6 $2 (53. Kf8 Rxf5 54. g7) 53... Rg5 $2 (53... b5 {Weiss muss nun ...Th3 beachten.} 54. Kg8 Rg5) 54. c4 $2 (54. Kh6 exf6 55. g7 Rxg7 56. Kxg7) 54... Rg1 55. Kf8 exf6 {[%cal Be7f6,Bf6f5][%mdl 32]} 56. g7 f5 57. g8=Q Rxg8+ 58. Kxg8 Ke7 (58... f4 $142 59. Kh7 f3) 59. Kg7 b5 60. cxb5 Nxb5 61. Bh5 Nd4 62. Kg6 f4 {Precision: Weiß = 58%, Schwarz = 59%.} 0-1

[Event "WSCC 50 Open 2017"]
[Site "?"]
[Date "2017.11.18"]
[Round "11"]
[White "Antonio, Rogelio Jr"]
[Black "Sarno, Spartaco"]
[Result "1-0"]
[WhiteElo "2431"]
[BlackElo "2327"]
[Annotator "TA"]
[PlyCount "101"]
[EventDate "2017.??.??"]
[EventType "swiss"]
[EventCountry "ITA"]
[SourceTitle "Acqui Terme"]

{[%evp 9,101,5,33,0,14,-1,70,73,103,63,78,69,79,81,83,89,79,66,70,74,79,69,92,68,72,58,58,58,67,58,53,52,50,66,86,82,89,97,93,99,97,95,89,87,104,74,72,79,115,94,115,115,125,118,174,174,174,174,174,145,174,174,159,133,303,274,274,274,1019,1009,876,750,2495,2027,1167,1397,1175,1533,29971,29971,29975,29976,29977,29978,29978,29979,29980,29981,29981,29982,29985,29986,29991,29992]} 1. e4 c6 2. d4 d5 3. e5 c5 4. dxc5 e6 5. a3 Bxc5 6. b4 {B12: Caro-Kann: Advance Variation} (6. Qg4 {keeps more tension.} Bf8 7. Nf3 Nd7 8. Nc3 Ne7 9. Bd3) 6... Bf8 (6... Be7 7. Nf3 a5 8. bxa5 Nc6 9. Bd3 Qxa5+ 10. Bd2 Qc7 11. O-O f6 12. exf6 Nxf6 {1-0 (33) Kravtsiv,M (2657)-Cheparinov,I (2703) Kocaeli 2017}) 7. Nf3 Nc6 (7... a5 $11) 8. Bb2 {White is slightly better.} f6 $146 ({Predecessor:} 8... a6 9. c4 Nge7 10. Nbd2 Ng6 11. Qc2 Be7 12. Rd1 O-O {1-0 (35) Golding,A (1994)-De Paolis,F (1878) London 2016}) 9. Bb5 Bd7 10. O-O fxe5 11. Bxc6 bxc6 12. Nxe5 {Qh5+ is the strong threat.} Nf6 13. Nd2 Bd6 $1 14. Nb3 O-O 15. Qd4 Qe7 16. Qh4 (16. Nc5 {with more complications.} Bxc5 17. bxc5 Rab8 18. f3 Ne8 19. Rae1) 16... c5 17. bxc5 Bxc5 18. Nxc5 Qxc5 19. Nxd7 Nxd7 20. Qg4 {[%csl Gb2][%cal Rg4g7]} Qe7 21. Rae1 e5 22. c4 $1 dxc4 23. Qxc4+ Qf7 24. Qxf7+ Rxf7 25. Bxe5 Nxe5 26. Rxe5 $16 {[%mdl 4096] Endgame KRR-KRR} Rb8 27. Rfe1 Rb2 28. f3 Rc7 29. h4 Rcc2 {[#]} 30. Rg5 $1 Kf7 31. Rd1 Rd2 (31... Rc7 $16) 32. Rxd2 $18 Rxd2 {KR-KR} 33. Ra5 Rd7 34. Ra6 Ke8 35. h5 Kd8 36. h6 Kc8 $2 (36... g6 $16 37. Kf2 Rf7) 37. hxg7 Rxg7 38. Rh6 Rg5 $2 (38... Kd7 39. Kf2 Rf7) 39. Rxh7 Ra5 40. g4 {[%cal Bg2g4,Bg4g5,Bg5g6][%mdl 32]} Rxa3 41. Kf2 Ra2+ 42. Kg3 Ra1 43. g5 Kd8 44. Kg4 {White mates.} Ke8 45. f4 {[%cal Bf3f4,Bf4f5][%mdl 32]} Kf8 46. g6 Kg8 47. f5 Rg1+ 48. Kf4 Rf1+ 49. Kg5 Rg1+ {[#]} 50. Kf6 $1 Ra1 51. Re7 {Precision: White = 79%, Black = 29%.} 1-0

[Event "WSCC 50 Open 2017"]
[Site "?"]
[Date "2017.11.18"]
[Round "11"]
[White "Bagaturov, Giorgi"]
[Black "Granda Zuniga, Julio E"]
[Result "1/2-1/2"]
[WhiteElo "2399"]
[BlackElo "2650"]
[Annotator "TA"]
[PlyCount "44"]
[EventDate "2017.??.??"]
[EventType "swiss"]
[EventCountry "ITA"]
[SourceTitle "Acqui Terme"]

{[%evp 17,19,13,18,13]} 1. d4 Nf6 2. c4 e6 3. Nf3 d5 4. Nc3 Be7 5. Bg5 O-O 6. e3 h6 7. Bh4 Ne4 8. Bxe7 Qxe7 9. Rc1 c6 10. Be2 {D56: Queen's Gambit Declined: Lasker Defence} {Predecessor:} Nxc3 $146 11. Rxc3 dxc4 12. Bxc4 Nd7 13. O-O b6 14. Bd3 c5 15. Be4 Rb8 16. Qc2 Nf6 17. dxc5 Nxe4 18. Qxe4 bxc5 19. b3 Bb7 20. Qf4 Bxf3 21. Qxf3 Rfd8 22. Rfc1 Rd2 {½-½ (31) Grandelius,N (2642)-Nakamura,H (2787) Douglas 2016} 1/2-1/2

[Event "WSCC 50 Open 2017"]
[Site "?"]
[Date "2017.11.18"]
[Round "11"]
[White "Buchal, Stephan"]
[Black "Contin, Daniel"]
[Result "1/2-1/2"]
[WhiteElo "2347"]
[BlackElo "2272"]
[PlyCount "29"]
[EventDate "2017.??.??"]
[EventType "swiss"]
[EventCountry "ITA"]
[SourceTitle "Acqui Terme"]
[TimeControl "40/5400+30:1800+30"]
[WhiteClock "0:24:21"]
[BlackClock "0:48:37"]

1. e4 {[%emt 0:00:00]} e6 {[%emt 0:01:30]} 2. d3 {[%emt 0:00:23]} c5 {[%emt 0:00:23]} 3. Nf3 {[%emt 0:00:28]} Nc6 {[%emt 0:00:28]} 4. g3 {[%emt 0:00:31]} d6 {[%emt 0:01:12]} 5. Bg2 {[%emt 0:00:29]} g6 {[%emt 0:00:13]} 6. O-O {[%emt 0:03:13]} Bg7 {[%emt 0:00:08]} 7. c3 {[%emt 0:00:52]} e5 {[%emt 0:01:25]} 8. Na3 {[%emt 0:11:16]} Nge7 {[%emt 0:00:59]} 9. d4 {[%emt 0:11:51]} exd4 {[%emt 0:03:37]} 10. cxd4 {[%emt 0:01:09]} Bg4 {[%emt 0:00:29]} 11. dxc5 {[%emt 0:08:30]} dxc5 {[%emt 0:02:27]} 12. Qb3 {[%emt 0:05:49]} O-O {[%emt 0:20:43]} 13. Qxb7 {[%emt 0:15:09]} Qd3 {[%emt 0:12:13]} 14. Qb3 {[%emt 0:09:33]} Rfd8 {[%emt 0:03:06]} 15. Be3 {[%emt 0:03:56]} 1/2-1/2

[Event "WSCC 50 Open 2017"]
[Site "?"]
[Date "2017.11.18"]
[Round "11"]
[White "Jhunjhnuwala, Krishan"]
[Black "Mannion, Stephen R"]
[Result "0-1"]
[WhiteElo "2340"]
[BlackElo "2294"]
[PlyCount "84"]
[EventDate "2017.??.??"]
[EventType "swiss"]
[EventCountry "ITA"]
[SourceTitle "Acqui Terme"]
[TimeControl "40/5400+30:1800+30"]
[WhiteClock "0:03:02"]
[BlackClock "0:02:12"]

1. e4 {[%emt 0:00:00]} e5 {[%emt 0:00:06]} 2. Bc4 {[%emt 0:00:48]} Nf6 {[%emt 0:00:38]} 3. d3 {[%emt 0:00:14]} Nc6 {[%emt 0:00:19]} 4. Nc3 {[%emt 0:00:41]} Na5 {[%emt 0:01:01]} 5. Bb3 {[%emt 0:01:34]} c6 {[%emt 0:07:40]} 6. f4 {[%emt 0:03:29]} Nxb3 {[%emt 0:06:32]} 7. axb3 {[%emt 0:00:20]} exf4 {[%emt 0:00:27]} 8. Bxf4 {[%emt 0:08:37]} d5 {[%emt 0:01:12]} 9. e5 {[%emt 0:03:32]} Bg4 {[%emt 0:01:22]} 10. Nf3 {[%emt 0:01:40]} Nd7 {[%emt 0:00:12]} 11. d4 {[%emt 0:05:45]} Be7 {[%emt 0:00:42]} 12. O-O {[%emt 0:00:16]} Nf8 {[%emt 0:07:59]} 13. h3 {[%emt 0:04:12]} Bh5 {[%emt 0:00:20]} 14. Qd2 {[%emt 0:03:48]} Ne6 {[%emt 0:03:03]} 15. Be3 {[%emt 0:00:10]} O-O {[%emt 0:00:26]} 16. Ne2 {[%emt 0:02:15]} f5 {[%emt 0:08:48]} 17. exf6 {[%emt 0:02:33]} Bxf6 {[%emt 0:00:11]} 18. Rae1 {[%emt 0:05:22]} Bxf3 {[%emt 0:18:17]} 19. Rxf3 {[%emt 0:00:28]} Ng5 {[%emt 0:06:34]} 20. Bxg5 {[%emt 0:05:33]} Bxg5 {[%emt 0:01:11]} 21. Rxf8+ {[%emt 0:01:32]} Kxf8 {[%emt 0:00:02]} 22. Qd3 {[%emt 0:02:20]} Kg8 {[%emt 0:00:35]} 23. c4 {[%emt 0:06:39]} Qe7 {[%emt 0:01:45]} 24. Rd1 {[%emt 0:05:11]} Rd8 {[%emt 0:06:19]} 25. Kh1 {[%emt 0:01:05]} Bf6 {[%emt 0:02:33]} 26. Qf3 {[%emt 0:02:32]} Qf7 {[%emt 0:02:32]} 27. Qd3 {[%emt 0:04:21]} dxc4 {[%emt 0:02:03]} 28. bxc4 {[%emt 0:00:23]} c5 {[%emt 0:00:23]} 29. d5 {[%emt 0:02:54]} Bxb2 {[%emt 0:00:17]} 30. Ng3 {[%emt 0:01:01]} g6 {[%emt 0:03:18]} 31. Ne4 {[%emt 0:00:49]} Be5 {[%emt 0:11:00]} 32. Nxc5 {[%emt 0:03:55]} Qf4 {[%emt 0:02:35]} 33. g3 {[%emt 0:00:52]} Qf2 {[%emt 0:00:07]} 34. Ne4 {[%emt 0:01:59]} Qf5 {[%emt 0:02:07]} 35. Kg2 {[%emt 0:01:15]} Kg7 {[%emt 0:01:37]} 36. Rf1 {[%emt 0:02:04]} Qd7 {[%emt 0:01:51]} 37. Nc5 {[%emt 0:04:21]} Qe7 {[%emt 0:01:33]} 38. Ne6+ {[%emt 0:00:29]} Qxe6 {[%emt 0:00:01]} 39. dxe6 {[%emt 0:00:08]} Rxd3 {[%emt 0:00:02]} 40. e7 {[%emt 0:00:11]} Rxg3+ {[%emt 0:30:13]} 41. Kf2 {[%emt 0:42:21]} Kf7 {[%emt 0:00:43]} 42. Re1 {[%emt 0:00:19]} Rg5 {[%emt 0:00:42]} 0-1

[Event "WSCC 50 Open 2017"]
[Site "?"]
[Date "2017.11.18"]
[Round "11"]
[White "Welling, Gerard"]
[Black "Mantovani, Renzo"]
[Result "1-0"]
[WhiteElo "2316"]
[BlackElo "2307"]
[PlyCount "63"]
[EventDate "2017.??.??"]
[EventType "swiss"]
[EventCountry "ITA"]
[SourceTitle "Acqui Terme"]
[TimeControl "40/5400+30:1800+30"]
[WhiteClock "0:13:01"]
[BlackClock "0:04:52"]

1. e4 {[%emt 0:00:00]} d6 {[%emt 0:00:32]} 2. Nc3 {[%emt 0:00:16]} a6 {[%emt 0:06:06]} 3. a4 {[%emt 0:02:08]} c5 {[%emt 0:07:17]} 4. g3 {[%emt 0:00:23]} g6 {[%emt 0:02:04]} 5. Bg2 {[%emt 0:00:18]} Bg7 {[%emt 0:00:06]} 6. d3 {[%emt 0:00:08]} Nf6 {[%emt 0:01:31]} 7. f4 {[%emt 0:01:50]} Nc6 {[%emt 0:00:31]} 8. Nf3 {[%emt 0:00:06]} Rb8 {[%emt 0:01:30]} 9. O-O {[%emt 0:00:14]} b5 {[%emt 0:00:44]} 10. axb5 {[%emt 0:00:49]} axb5 {[%emt 0:00:04]} 11. h3 {[%emt 0:32:53]} O-O {[%emt 0:02:46]} 12. g4 {[%emt 0:01:39]} Ne8 {[%emt 0:06:00]} 13. Ne2 {[%emt 0:05:07]} Nc7 {[%emt 0:00:39]} 14. f5 {[%emt 0:04:16]} b4 {[%emt 0:02:06]} 15. Qe1 {[%emt 0:07:57]} Nb5 {[%emt 0:03:17]} 16. Qh4 {[%emt 0:05:24]} Nbd4 {[%emt 0:05:55]} 17. Nexd4 {[%emt 0:01:33]} Nxd4 {[%emt 0:00:19]} 18. Nxd4 {[%emt 0:01:44]} cxd4 {[%emt 0:07:52]} 19. Bh6 {[%emt 0:07:27]} b3 {[%emt 0:09:56]} 20. cxb3 {[%emt 0:07:25]} Rxb3 {[%emt 0:02:42]} 21. g5 {[%emt 0:03:38]} gxf5 {[%emt 0:20:39]} 22. exf5 {[%emt 0:00:49]} Rxb2 {[%emt 0:15:45]} 23. Bxg7 {[%emt 0:01:56]} Kxg7 {[%emt 0:00:11]} 24. f6+ {[%emt 0:01:28]} exf6 {[%emt 0:00:19]} 25. gxf6+ {[%emt 0:00:03]} Kh8 {[%emt 0:00:14]} 26. Be4 {[%emt 0:00:02]} Rg8+ {[%emt 0:00:17]} 27. Kh1 {[%emt 0:00:02]} Rg6 {[%emt 0:00:17]} 28. Ra8 {[%emt 0:02:18]} Qc7 {[%emt 0:00:33]} 29. Rxc8+ {[%emt 0:00:34]} Qxc8 {[%emt 0:00:04]} 30. Bxg6 {[%emt 0:00:07]} fxg6 {[%emt 0:00:29]} 31. f7 {[%emt 0:00:14]} Kg7 {[%emt 0:00:23]} 32. Qxd4+ {[%emt 0:00:11]} 1-0

[Event "WSCC 50 Open 2017"]
[Site "?"]
[Date "2017.11.18"]
[Round "11"]
[White "Certek, Pavel"]
[Black "Reprintsev, Alexander"]
[Result "0-1"]
[WhiteElo "2295"]
[BlackElo "2361"]
[PlyCount "86"]
[EventDate "2017.??.??"]
[EventType "swiss"]
[EventCountry "ITA"]
[SourceTitle "Acqui Terme"]
[TimeControl "40/5400+30:1800+30"]
[WhiteClock "0:10:00"]
[BlackClock "1:06:59"]

1. d4 {[%emt 0:00:00]} d5 {[%emt 0:05:38]} 2. c4 {[%emt 0:00:07]} e5 {[%emt 0:00:29]} 3. dxe5 {[%emt 0:03:04]} d4 {[%emt 0:01:51]} 4. a3 {[%emt 0:01:46]} Nc6 {[%emt 0:00:25]} 5. e3 {[%emt 0:02:08]} Nge7 {[%emt 0:02:10]} 6. Nf3 {[%emt 0:00:38]} Bg4 {[%emt 0:01:04]} 7. Be2 {[%emt 0:01:11]} Bxf3 {[%emt 0:00:56]} 8. Bxf3 {[%emt 0:02:45]} dxe3 {[%emt 0:00:39]} 9. Qxd8+ {[%emt 0:05:10]} Rxd8 {[%emt 0:00:07]} 10. Bxe3 {[%emt 0:00:10]} Nxe5 {[%emt 0:00:07]} 11. Nd2 {[%emt 0:03:07]} Nf5 {[%emt 0:02:01]} 12. Ke2 {[%emt 0:03:17]} Nxe3 {[%emt 0:09:06]} 13. fxe3 {[%emt 0:03:34]} c6 {[%emt 0:00:13]} 14. b4 {[%emt 0:04:20]} Be7 {[%emt 0:00:17]} 15. b5 {[%emt 0:02:32]} O-O {[%emt 0:01:20]} 16. Ra2 {[%emt 0:08:28]} Rfe8 {[%emt 0:00:25]} 17. Rc1 {[%emt 0:00:25]} Nxf3 {[%emt 0:03:32]} 18. gxf3 {[%emt 0:01:03]} Rd6 {[%emt 0:00:06]} 19. Nf1 {[%emt 0:01:20]} Rg6 {[%emt 0:00:35]} 20. Kf2 {[%emt 0:03:17]} Rd8 {[%emt 0:01:59]} 21. Rcc2 {[%emt 0:01:39]} Kf8 {[%emt 0:01:14]} 22. a4 {[%emt 0:02:12]} Bb4 {[%emt 0:01:12]} 23. Rab2 {[%emt 0:04:32]} c5 {[%emt 0:00:49]} 24. Rb1 {[%emt 0:03:59]} Rd3 {[%emt 0:00:21]} 25. Ra1 {[%emt 0:00:58]} h5 {[%emt 0:00:40]} 26. Rcc1 {[%emt 0:01:21]} Rgd6 {[%emt 0:00:57]} 27. f4 {[%emt 0:02:58]} h4 {[%emt 0:00:57]} 28. Ke2 {[%emt 0:04:01]} Rb3 {[%emt 0:00:25]} 29. Rab1 {[%emt 0:12:27]} Ra3 {[%emt 0:00:14]} 30. Ra1 {[%emt 0:00:37]} Rdd3 {[%emt 0:00:15]} 31. Rxa3 {[%emt 0:02:53]} Rxa3 {[%emt 0:00:09]} 32. f5 {[%emt 0:04:57]} Rxa4 {[%emt 0:00:22]} 33. Kf3 {[%emt 0:00:09]} Ra3 {[%emt 0:00:33]} 34. h3 {[%emt 0:02:10]} a5 {[%emt 0:00:15]} 35. bxa6 {[%emt 0:00:19]} bxa6 {[%emt 0:00:04]} 36. Ke4 {[%emt 0:00:49]} a5 {[%emt 0:00:22]} 37. Rc2 {[%emt 0:04:06]} Ra1 {[%emt 0:00:44]} 38. Nh2 {[%emt 0:00:15]} Rh1 {[%emt 0:00:45]} 39. Kd5 {[%emt 0:00:55]} a4 {[%emt 0:00:24]} 40. e4 {[%emt 0:00:10]} Rd1+ {[%emt 0:30:42]} 41. Kc6 {[%emt 0:31:05]} Rd2 {[%emt 0:00:24]} 42. Rxd2 {[%emt 0:00:32]} Bxd2 {[%emt 0:00:02]} 43. Nf3 {[%emt 0:00:04]} Bc3 {[%emt 0:00:11]} 0-1

[Event "WSCC 50 Open 2017"]
[Site "?"]
[Date "2017.11.18"]
[Round "11"]
[White "Prasad, Devaki V"]
[Black "Brendel, Oliver"]
[Result "1/2-1/2"]
[WhiteElo "2290"]
[BlackElo "2334"]
[PlyCount "82"]
[EventDate "2017.??.??"]
[EventType "swiss"]
[EventCountry "ITA"]
[SourceTitle "Acqui Terme"]
[TimeControl "40/5400+30:1800+30"]
[WhiteClock "0:04:07"]
[BlackClock "0:01:37"]

1. e4 {[%emt 0:00:00]} c5 {[%emt 0:00:16]} 2. Nf3 {[%emt 0:00:00]} g6 {[%emt 0:00:16]} 3. d4 {[%emt 0:00:00]} cxd4 {[%emt 0:00:14]} 4. Nxd4 {[%emt 0:00:05]} Bg7 {[%emt 0:00:52]} 5. Nc3 {[%emt 0:00:13]} Nc6 {[%emt 0:00:16]} 6. Nb3 {[%emt 0:00:14]} Bxc3+ {[%emt 0:01:30]} 7. bxc3 {[%emt 0:00:08]} Nf6 {[%emt 0:00:09]} 8. Bd3 {[%emt 0:01:20]} d5 {[%emt 0:00:42]} 9. exd5 {[%emt 0:00:25]} Qxd5 {[%emt 0:00:11]} 10. O-O {[%emt 0:00:50]} Bf5 {[%emt 0:04:13]} 11. c4 {[%emt 0:03:31]} Qd7 {[%emt 0:00:14]} 12. Nc5 {[%emt 0:10:16]} Qc8 {[%emt 0:00:08]} 13. Bxf5 {[%emt 0:00:53]} Qxf5 {[%emt 0:02:13]} 14. Nxb7 {[%emt 0:01:30]} O-O {[%emt 0:05:25]} 15. Rb1 {[%emt 0:01:15]} Rfc8 {[%emt 0:16:50]} 16. h3 {[%emt 0:16:22]} Rc7 {[%emt 0:08:32]} 17. Be3 {[%emt 0:01:57]} Ne4 {[%emt 0:10:23]} 18. Qe1 {[%emt 0:14:33]} Rb8 {[%emt 0:15:44]} 19. Rb5 {[%emt 0:02:07]} Qe6 {[%emt 0:01:45]} 20. Nc5 {[%emt 0:03:51]} Qxc4 {[%emt 0:03:17]} 21. Rxb8+ {[%emt 0:02:07]} Nxb8 {[%emt 0:00:06]} 22. Qa5 {[%emt 0:01:59]} Rc8 {[%emt 0:07:18]} 23. Nxe4 {[%emt 0:00:21]} Qxe4 {[%emt 0:00:08]} 24. Qxa7 {[%emt 0:00:23]} Nc6 {[%emt 0:00:30]} 25. Qa6 {[%emt 0:06:39]} Rd8 {[%emt 0:00:57]} 26. c4 {[%emt 0:03:38]} f5 {[%emt 0:00:20]} 27. Re1 {[%emt 0:03:57]} Ne5 {[%emt 0:13:28]} 28. Bd2 {[%emt 0:06:12]} Qxc4 {[%emt 0:00:45]} 29. Qb6 {[%emt 0:03:34]} Rxd2 {[%emt 0:04:27]} 30. Qb8+ {[%emt 0:00:13]} Kf7 {[%emt 0:00:13]} 31. Qxe5 {[%emt 0:00:08]} Rd7 {[%emt 0:01:25]} 32. a3 {[%emt 0:00:53]} Qd5 {[%emt 0:01:09]} 33. Qh8 {[%emt 0:00:16]} h5 {[%emt 0:00:18]} 34. h4 {[%emt 0:01:24]} Qb3 {[%emt 0:02:02]} 35. Kh2 {[%emt 0:06:18]} Qxa3 {[%emt 0:00:50]} 36. Qh7+ {[%emt 0:02:08]} Kf6 {[%emt 0:00:02]} 37. Re3 {[%emt 0:02:56]} Rd3 {[%emt 0:00:10]} 38. Qh8+ {[%emt 0:01:07]} Kf7 {[%emt 0:00:06]} 39. Qh7+ {[%emt 0:01:22]} Kf6 {[%emt 0:00:05]} 40. Qh8+ {[%emt 0:00:18]} Kf7 {[%emt 0:30:06]} 41. Qh7+ {[%emt 0:31:00]} Kf6 {[%emt 0:01:48]} 1/2-1/2

[Event "WSCC 50 Open 2017"]
[Site "?"]
[Date "2017.11.18"]
[Round "11"]
[White "Fritsch, Rolf"]
[Black "Spiess, Thomas"]
[Result "1-0"]
[WhiteElo "2213"]
[BlackElo "2009"]
[PlyCount "67"]
[EventDate "2017.??.??"]
[EventType "swiss"]
[EventCountry "ITA"]
[SourceTitle "Acqui Terme"]
[TimeControl "40/5400+30:1800+30"]
[WhiteClock "0:04:31"]
[BlackClock "0:01:43"]

1. d4 {[%emt 0:00:00]} d5 {[%emt 0:00:06]} 2. Bf4 {[%emt 0:00:00]} Nf6 {[%emt 0:00:49]} 3. e3 {[%emt 0:00:00]} c5 {[%emt 0:00:07]} 4. c3 {[%emt 0:00:00]} Nc6 {[%emt 0:00:23]} 5. Nd2 {[%emt 0:00:14]} Bf5 {[%emt 0:01:24]} 6. Qb3 {[%emt 0:05:45]} Qc8 {[%emt 0:33:35]} 7. dxc5 {[%emt 0:05:17]} e5 {[%emt 0:00:48]} 8. Bg5 {[%emt 0:02:10]} Be6 {[%emt 0:12:02]} 9. Bxf6 {[%emt 0:20:57]} gxf6 {[%emt 0:00:02]} 10. e4 {[%emt 0:04:37]} d4 {[%emt 0:04:58]} 11. Bc4 {[%emt 0:02:31]} Bxc5 {[%emt 0:04:48]} 12. Ngf3 {[%emt 0:16:10]} O-O {[%emt 0:07:44]} 13. Bxe6 {[%emt 0:04:02]} fxe6 {[%emt 0:09:19]} 14. cxd4 {[%emt 0:06:04]} Bxd4 {[%emt 0:03:17]} 15. O-O {[%emt 0:00:24]} Qd7 {[%emt 0:00:49]} 16. Nc4 {[%emt 0:04:41]} Kh8 {[%emt 0:01:15]} 17. a4 {[%emt 0:03:38]} Rg8 {[%emt 0:01:59]} 18. Rad1 {[%emt 0:03:41]} Rg4 {[%emt 0:01:40]} 19. Rfe1 {[%emt 0:02:54]} Rag8 {[%emt 0:00:40]} 20. g3 {[%emt 0:00:30]} h5 {[%emt 0:01:37]} 21. Kf1 {[%emt 0:00:37]} Qg7 {[%emt 0:05:35]} 22. Ne3 {[%emt 0:04:56]} Bxe3 {[%emt 0:05:15]} 23. Rxe3 {[%emt 0:01:05]} h4 {[%emt 0:00:58]} 24. Qxe6 {[%emt 0:01:12]} hxg3 {[%emt 0:00:21]} 25. hxg3 {[%emt 0:00:12]} Qh6 {[%emt 0:01:25]} 26. Rd7 {[%emt 0:04:07]} Nd4 {[%emt 0:01:45]} 27. Nxd4 {[%emt 0:00:48]} exd4 {[%emt 0:00:01]} 28. Rxd4 {[%emt 0:00:16]} Qh1+ {[%emt 0:01:05]} 29. Ke2 {[%emt 0:00:09]} R4g6 {[%emt 0:00:34]} 30. e5 {[%emt 0:02:21]} Qh5+ {[%emt 0:00:32]} 31. Kd2 {[%emt 0:01:38]} Qg5 {[%emt 0:00:16]} 32. Rh4+ {[%emt 0:00:55]} Rh6 {[%emt 0:00:05]} 33. Rxh6+ {[%emt 0:00:30]} Qxh6 {[%emt 0:00:03]} 34. Qxf6+ {[%emt 0:00:08]} 1-0